Esencia de la economía latino americana (Registro nro. 4603)
[ vista simple ]
| 000 -LEADER | |
|---|---|
| fixed length control field | 01223 a2200193 4500 |
| 001 - CONTROL NUMBER | |
| control field | 48464 |
| 005 - DATE AND TIME OF LATEST TRANSACTION | |
| control field | 20260407155749.0 |
| 008 - FIXED-LENGTH DATA ELEMENTS--GENERAL INFORMATION | |
| fixed length control field | 260407a1971 arg spa d |
| 003 - CONTROL NUMBER IDENTIFIER | |
| control field | AR-UNSa-BCEJYS |
| 040 ## - CATALOGING SOURCE | |
| Original cataloging agency | AR-UNSa-BCEJYS |
| Language of cataloging | spa |
| Transcribing agency | AR-UNSa-BCEJYS |
| 080 ## - UNIVERSAL DECIMAL CLASSIFICATION NUMBER | |
| Universal Decimal Classification number | 339.9 |
| Common auxiliary subdivision | Economía internacional en general. Relaciones económicas internacionales. Economía mundial |
| 100 1# - MAIN ENTRY--PERSONAL NAME | |
| Personal name | Cholvis, Francisco |
| 245 10 - TITLE STATEMENT | |
| Title | Esencia de la economía latino americana |
| 264 #1 - PRODUCTION, PUBLICATION, DISTRIBUTION, MANUFACTURE, AND COPYRIGHT NOTICE | |
| Place of production, publication, distribution, manufacture | Buenos Aires : |
| Name of producer, publisher, distributor, manufacturer | Cuenca Ediciones |
| Date of production, publication, distribution, manufacture, or copyright notice | 1971 |
| 300 ## - PHYSICAL DESCRIPTION | |
| Extent | 1971 |
| Dimensions | 20 cm. |
| 505 ## - FORMATTED CONTENTS NOTE | |
| Formatted contents note | 1. La economía de los países subdesarrollados - 2. La economía y sus connotaciones políticas - 3. La distribución del ingreso - 4. Régimen de tenencia y explotación de la tierra - 5. La riqueza minera y otros recursos naturales - 6. Comercio exterior - 7. El proceso de la industrialización - 8. La formación del capital - 9. El financiamiento externo - 10. Impuestos y gastos públicos - 11. El problema de la inflación - 12. Problemas demográficos - 13. La integración económica latinoamericana - 14. La planificación de la economía - 15. Una teoría económica para los países subdesarrollados. |
| 590 ## - LOCAL NOTE (RLIN) | |
| Local note | niveau_biblio:m niveau_hierar:0 |
| 942 ## - ADDED ENTRY ELEMENTS (KOHA) | |
| Koha item type | |
| Withdrawn status | Lost status | Damaged status | Not for loan | Home library | Current library | Shelving location | Date acquired | Total checkouts | Full call number | Barcode | Date last seen | Price effective from | Koha item type |
|---|---|---|---|---|---|---|---|---|---|---|---|---|---|
| Biblioteca Prof. Eusebio Cleto del Rey | Biblioteca Prof. Eusebio Cleto del Rey | 07/04/2026 | 339.9 C547 | L25830 | 07/04/2026 | 07/04/2026 | Libro | ||||||
| Biblioteca Prof. Eusebio Cleto del Rey | Biblioteca Prof. Eusebio Cleto del Rey | 07/04/2026 | 339.9 C547 | L25829 | 07/04/2026 | 07/04/2026 | Libro |